| 000 | 00935nam a2200205Ia 4500 | ||
|---|---|---|---|
| 999 |
_c36277 _d36277 |
||
| 001 | 2184 | ||
| 003 | GE_BSU | ||
| 005 | 20190508114557.0 | ||
| 008 | 181216s2010||||ge |||||||||||||| ||geo|| | ||
| 040 | _cGE_BSU | ||
| 041 | _ageo | ||
| 080 | _a342.8(479.22)(094.4) ს–32 | ||
| 245 |
_aსაქართველოს ორგანული კანონი საქართველოს საარჩევნო კოდექსი : _bცვლილებებითა და დამატებებით 2010 წლის 1 აპრილამდე. / |
||
| 264 |
_aთბილისი : _bბონა კაუზა, _c2010. |
||
| 300 |
_a226 გვ. _b20 სმ. |
||
| 440 |
_aიურისტის ბიბლიოთეკა _9137 |
||
| 653 | _aსამართალი | ||
| 653 | _aსაქართველოს საარჩევნო კოდექსი | ||
| 942 |
_cBK _2udc |
||